Mobile library / David Whitehouse.
Available copies
- 2 of 2 copies available at LARL/NWRL Consortium.
- 1 of 1 copy available at Northwest Regional Library. (Show preferred library)
Current holds
0 current holds with 2 total copies.
Show Only Available Copies
| Location | Call Number / Copy Notes | Barcode | Shelving Location | Status | Due Date |
|---|---|---|---|---|---|
| Hallock Public Library | WHI (Text) | 35500005462583 | Main | Available | - |
| Moorhead Public Library | WHI (Text) | 33500011972999 | Main | Available | - |
Record details
- ISBN: 9781476749433
- ISBN: 1476749434
- Physical Description: 264 pages ; 22 cm
- Edition: First Scribner hardcover edition.
- Publisher: New York : Scribner, 2015.
Search for related items by subject
| Subject: | Abused children > Fiction. Bullying > Fiction. Divorced women > Fiction. Bookmobiles > Fiction. |
| Genre: | Picaresque literature. |
| LDR | 01420cam a22003853i 4500 | ||
|---|---|---|---|
| 001 | 174429 | ||
| 003 | LARL_NWRL_CONSORTIUM | ||
| 005 | 20150113121340.0 | ||
| 008 | 140314s2015 nyu 000 1 eng d | ||
| 020 | . | ‡a9781476749433 | |
| 020 | . | ‡a1476749434 | |
| 035 | . | ‡a(OCoLC)873006485 | |
| 040 | . | ‡aYDXCP ‡beng ‡cYDXCP ‡dBTCTA ‡dBDX ‡dOCLCQ ‡dIEP ‡dOCLCO | |
| 050 | 1 | 4. | ‡aPR6123.H58657 ‡bM63 2015 |
| 082 | 0 | 4. | ‡a823/.92 ‡223 |
| 100 | 1 | . | ‡aWhitehouse, David, ‡d1981- ‡eauthor. |
| 245 | 1 | 0. | ‡aMobile library / ‡cDavid Whitehouse. |
| 250 | . | ‡aFirst Scribner hardcover edition. | |
| 260 | . | ‡aNew York : ‡bScribner, ‡c2015. | |
| 300 | . | ‡a264 pages ; ‡c22 cm | |
| 336 | . | ‡atext ‡2rdacontent | |
| 337 | . | ‡aunmediated ‡2rdamedia | |
| 338 | . | ‡avolume ‡2rdacarrier | |
| 650 | 0. | ‡aAbused children ‡vFiction. ‡0(LARL_NWRL_CONSORTIUM)170356 | |
| 650 | 0. | ‡aBullying ‡vFiction. | |
| 650 | 0. | ‡aDivorced women ‡vFiction. ‡0(LARL_NWRL_CONSORTIUM)164537 | |
| 650 | 0. | ‡aBookmobiles ‡vFiction. | |
| 655 | 7. | ‡aPicaresque literature. ‡2gsafd | |
| 948 | . | ‡hNO HOLDINGS IN LAL - 36 OTHER HOLDINGS | |
| 994 | . | ‡aZ0 ‡bLAL | |
| 901 | . | ‡a174429 ‡bOCLC ‡c174429 ‡tbiblio | |

Add to basket
Permalink
Disable Highlighting